| 000 | 00623nam a22001817a 4500 | ||
|---|---|---|---|
| 003 | BD-DhUL | ||
| 005 | 20160907160929.0 | ||
| 008 | 160127s1986 bg |||| |||| 000 0 ben | ||
| 040 |
_aBD-DhUL _cBD-DhUL |
||
| 082 |
_a954.92 _bAHB |
||
| 100 | 1 | _aরফিক, আহমদ | |
| 245 |
_aবুদ্ধিজীবীর সংস্কৃতি / _cআহমদ রফিক |
||
| 260 |
_aঢাকা : _bমুক্তধারা , _c১৯৮৬. |
||
| 300 |
_a১২৮ পৃ. ; _c২১ সেমি. |
||
| 650 | _aBangladesh- History | ||
| 650 | _aবাংলাদেশ- ইতিহাস | ||
| 942 |
_2ddc _cBK |
||
| 999 |
_c104678 _d104678 |
||